000 00216nam a22000977a 4500
008 170125b xxu||||| |||| 00| 0 srb d
041 _asrb
080 _a61
245 _aURGENTINA MEDIICNA
_cVUCOVIC, D
942 _2udc
_cBK
999 _c3651
_d3651